Biblioteca

La verdad sobre la homosexualidad y su oscura propaganda político-social (Registro nro. 64280)

Detalles MARC
000 -LÍDER
Campo fijo de descripción fija 02976nam a22002894i 4500
001 - NÚMERO DE CONTROL
Campo de control 768714001
003 - IDENTIFICADOR DEL NÚMERO DE CONTROL
Campo de control CO-MdFUSB
005 - FECHA Y HORA DE LA ULTIMA TRANSACCIÓN
control field 20180412122514.0
008 - ELEMENTOS DE LONGITUD FIJA -- INFORMACIÓN GENERAL
Campo fijo de descripción fija -- Información general 180406t2011 ck ||||g |||| 00| 0 spa d
020 ## - NÚMERO INTERNACIONAL NORMALIZADO PARA LIBROS
Número Internacional Normalizado del libro 9789584841300
040 ## - FUENTE DE CATALOGACIÓN
Agencia de catalogación original CO-MdFUSB
Idioma de catalogación spa
Agencia que realiza la transcripción CO-MdFUSB
Agencia que realiza la modificación CO-MdFUSB
Convenciones de la descripción rda
041 ## - CÓDIGO DE IDIOMA
Código de idioma para texto/pista de sonido o título separado spa
082 ## - NÚMERO DE CLASIFICACIÓN DECIMAL DEWEY
Número de la edición del Dewey 24
Número de clasificación G 261.835766
Clave de autor-Numero de item A113v
100 ## - ASIENTO PRINCIPAL--NOMBRE PERSONAL
Nombre personal Aardweg, G. van den
Término relacionador autor
245 03 - TÍTULO
Título del Material La verdad sobre la homosexualidad y su oscura propaganda político-social
Parte restante del título - Subtitulo
Mención de responsabilidad, etc. / G. Van den Aardweg
264 #1 - PRODUCCIÓN, PUBLICACIÓN, DISTRIBUCIÓN, MANUFACTURA, Y COPYRIGHT
Lugar de producción, publicación, distribución, manufactura Bogotá, Colombia :
Nombre del productor, publicador, distribuidor Leer,
Fecha de producción, publicación, distribución, manufactura, o copyright ℗[2011]
264 #4 - PRODUCCIÓN, PUBLICACIÓN, DISTRIBUCIÓN, MANUFACTURA, Y COPYRIGHT
Fecha de producción, publicación, distribución, manufactura, o copyright ©2011
300 ## - DESCRIPCIÓN FÍSICA
Extensión 95 páginas
Otros detalles físicos :
Dimensiones 22 cm.
336 ## - TIPO DE CONTENIDO
Fuente rdacontent
Término de tipo de contenido texto
Código de tipo de contenido txt
337 ## - TIPO DE MEDIO
Fuente rdamedia
Nombre del tipo de medio sin mediación
Código del tipo de medio n
338 ## - TIPO DE SOPORTE
Fuente rdacarrier
Nombre del tipo de soporte volumen
Código Tipo de soporte nc
504 ## - NOTA DE BIBLIOGRAFÍA, ETC.
Nota de bibliografía, etc Bibliografía (p. 93- 95)
505 #0 - NOTA DE CONTENIDO
Nota de contenido con formato preestablecido Precisando los términos -- Sexo biológico e identidad sexual -- ¿Dónde se coloca la homosexualidad? -- Homosexualidad y virilidad -- Síntoma, herida y heterosexualidad latente -- El informe Kinsey -- Hipótesis y conclusiones -- Promiscuidad y fragilidad -- ¿Qué identidad? -- Identidad genética -- Identidad anatómica -- Identidad endocrinológica -- El "ya pero todavía no" -- ¿En la antigüedad clásica? -- 1789, 1848, 1968 -- 1989: otro gran momento crucial -- La primera ola: el feminismo liberal -- La segunda ola: el feminismo radical -- Una nueva gnosis -- La primera asociación europea -- Libertinaje y guetos -- Año de nacimiento -- El F.U.O.R.I. -- El segundo 1989 -- Significado del término -- Una táctica intimidadora -- La homofobia social interiorizada -- Las personas...."¿nacen así?" -- Simon Le Vay: el "cerebro gay" -- Bailey & Pillard: el estudio de los gemelos -- Dean Hamer: el marcador genético xq28 -- Palomas, gansos y lobos -- Macacos, Babuinos y Bonobos -- Un dato fundamental -- Los factores biológicos -- Los factores educativos y culturales -- ¿Que es el DSM? -- Historia de la supresión de la homosexualidad del DSM -- La homosexualidad y la psicología clínica -- ¿Es posible el cambio? -- Los resultados de la terapia reparativa -- Terrorismo psicológico contra la terapia reparativa -- Ninguna imposición -- El salir del armario que expresa un malestar -- El salir del armario de que quiere escandalizar -- De salir del armario a la confesión -- De la crisis a la estrategia -- Tres tácticas clave -- De la táctica a los consejos prácticos -- La infección del sida -- Drogas y enfermedades de transmisión sexual -- Dime con quién andas... -- Estupor divino -- La herida del pecado -- La última palabra -- Génesis 19, 1-25 y Levítico 18:22; 20:13 -- Romanos 1:26-27 -- 1 Corintios 6:9-11 -- 1 Timoteo 1:9-10 -- Una nueva exégesis -- Citas imprecisas del catecismo -- Las intervenciones en las escuelas -- La homosexualidad según el magisterio; elementos para estar vigilantes -- Las indicaciones pastorales.
650 #0 - ASIENTO SECUNDARIO DE MATERIA - TERMINO TEMÁTICO
9 (RLIN) 946
Término temático o nombre geográfico como elemento de entrada Problemas sociales
650 #0 - ASIENTO SECUNDARIO DE MATERIA - TERMINO TEMÁTICO
9 (RLIN) 1177
Término temático o nombre geográfico como elemento de entrada Iglesia y problemas sociales
942 ## - TIPO DE MATERIAL (KOHA)
Tipo de Item KOHA Libros General
Existencias
Estado de Material Estado de Perdido Forma de Clasificación Estado de Dañado No para Préstamo Colección Biblioteca de Origen Biblioteca Permanente Fecha de Adquisición Total de Préstamos Signatura Topográfica Código de Barras Última vez visto Última vez Préstado Ejemplar/Existencia Fecha de Remplazo Tipo de Material
    Dewey Decimal Classification     Colección General Biblioteca FUSBC Biblioteca FUSBC 06/04/2018 1 G 261.835766 A113v 5903 10/09/2022 08/09/2022 Ej. 1 06/04/2018 Libros General

Biblioteca FUSBC | Teléfono: (57+4) 349 88 10 Ext. 141| WhatsApp (+57) 3005338115 
E-mail: biblioteca@unisbc.edu.co | Calle 76 87-14 Robledo Palenque, Medellín, Colombia

Con tecnología Koha